书目信息 |
| 题名: |
传承红色文化 培育旅游英才
|
|
| 作者: | 林娜 , 林业江 主编 | |
| 分册: | ||
| 出版信息: | 北京 光明日报出版社 2020 |
|
| 页数: | 179页 | |
| 开本: | 24cm | |
| 丛书名: | 高校校园文化建设成果文库 | |
| 单 册: | ||
| 中图分类: | G641 , F592.767 | |
| 科图分类: | ||
| 主题词: | 大学生--思想政治教育--研究--广西 , 革命纪念地--旅游业发展--研究--广西 | |
| 电子资源: | ||
| ISBN: | 978-7-5194-5788-4 | |
| 000 | 01001oam2 2200289 450 | |
| 001 | 2453591694 | |
| 005 | 20240108145342.73 | |
| 010 | @a978-7-5194-5788-4@b精装@d78.00CNY | |
| 100 | @a20201020d2020 em y0chiy0110 ea | |
| 101 | 0 | @achi |
| 102 | @aCN@b110000 | |
| 105 | @aa z 000yy | |
| 200 | 1 | @a传承红色文化 培育旅游英才@Achuan cheng hong se wen hua pei yu lv you ying cai@f林娜,林业江主编 |
| 210 | @a北京@c光明日报出版社@d2020 | |
| 215 | @a179页@c照片@d24cm | |
| 225 | 1 | @a高校校园文化建设成果文库 |
| 300 | @a光明版 | |
| 330 | @a本书共六篇,内容包括:爱国主义教育基地、红色文化艺术展演、“红色记忆”讲坛、主题校园文化活动、红色主题社会实践活动、论文成果。 | |
| 410 | 0 | @12001 @a高校校园文化建设成果文库 |
| 606 | 0 | @a大学生@x思想政治教育@x研究@y广西 |
| 606 | 0 | @a革命纪念地@x旅游业发展@x研究@y广西 |
| 690 | @aG641@v5 | |
| 690 | @aF592.767@v5 | |
| 701 | 0 | @a林娜@Alin na@4主编 |
| 701 | 0 | @a林业江@Alin ye jiang@4主编 |
| 801 | 0 | @aCN@b91MARC@c20201023 |
| 905 | @aBZT@dG641@e400 | |
| 传承红色文化 培育旅游英才/林娜,林业江主编.-北京:光明日报出版社,2020 |
| 179页:照片;24cm.-(高校校园文化建设成果文库) |
| 光明版 |
| ISBN 978-7-5194-5788-4(精装):78.00CNY |
| 本书共六篇,内容包括:爱国主义教育基地、红色文化艺术展演、“红色记忆”讲坛、主题校园文化活动、红色主题社会实践活动、论文成果。 |
| ● |
| 相关链接 |
|
|
|
正题名:传承红色文化 培育旅游英才
索取号:G641/400
 
预约/预借
| 序号 | 登录号 | 条形码 | 馆藏地/架位号 | 状态 | 备注 |
| 1 | 2001729267 | 2001729267 | 辽三/辽宁北配(第三批)/4427/ [索取号:G641/400] | 在馆 | |
| 2 | 2001729268 | 2001729268 | 辽三/辽宁北配(第三批)/4427/ [索取号:G641/400] | 在馆 | |
| 3 | 2001729269 | 2001729269 | 辽三/辽宁北配(第三批)/4427/ [索取号:G641/400] | 在馆 | |
| 4 | 2001729270 | 2001729270 | 辽三/辽宁北配(第三批)/4427/ [索取号:G641/400] | 在馆 | |
| 5 | 2001729271 | 2001729271 | 辽三/辽宁北配(第三批)/4427/ [索取号:G641/400] | 在馆 | |
| 6 | 2001729272 | 2001729272 | 辽三/辽宁北配(第三批)/4427/ [索取号:G641/400] | 在馆 |